[Event "AUTO-OPEN-1459"]
[Site "http://www.queenalice.com/game.php?id=548069"]
[Date "2009.2.28"]
[Round "1"]
[White "reibas"]
[Black "Luckus1970"]
[Result "0-1"]
[WhiteElo "1744"]
[BlackElo "2257"]

1. e4 c5 2. Bc4 e6 3. Nf3 d5 4. exd5 exd5 5. Bb5+ Nc6 6. Ne5 Qc7 7. Qh5 Nf6 8.
Qe2 Be7 9. Nxc6 bxc6 10. Ba4 O-O 11. O-O Bd6 12. g3 Re8 13. Qf3 Bg4 14. Qg2 Be2
15. Re1 Bg4 16. Rxe8+ Rxe8 17. Kf1 Qe7 0-1

[Event "AUTO-OPEN-1459"]
[Site "http://www.queenalice.com/game.php?id=548070"]
[Date "2009.2.28"]
[Round "1"]
[White "Luckus1970"]
[Black "vortex"]
[Result "1-0"]
[WhiteElo "1500"]
[BlackElo "1741"]

1. d4 d5 2. c4 dxc4 3. Nf3 e6 4. e3 Nf6 5. Bxc4 Bb4+ 6. Nc3 Ne4 7. Qa4+ Nc6 8.
O-O Nxc3 9. bxc3 Bd6 10. e4 O-O 11. e5 Be7 12. Qc2 b6 13. Bd3 g6 14. Bh6 Re8 15.
Be4 Bb7 16. Rad1 Rb8 17. d5 exd5 18. e6 Na5 19. exf7+ Kxf7 20. Bxg6+ hxg6 21.
Ne5+ Ke6 22. Qxg6+ Bf6 23. Rde1 Kd6 24. Nf7+ 1-0

[Event "AUTO-OPEN-1459"]
[Site "http://www.queenalice.com/game.php?id=548071"]
[Date "2009.2.28"]
[Round "1"]
[White "vortex"]
[Black "Luckus1970"]
[Result "0-1"]
[WhiteElo "1726"]
[BlackElo "2257"]

1. e4 c5 2. Nc3 Nc6 3. Bb5 Nf6 4. Nf3 e5 5. Bxc6 dxc6 6. d3 Bd6 7. Bg5 O-O 8.
O-O Be6 9. Qd2 h6 10. Bxf6 Qxf6 11. Rfe1 c4 12. d4 Rfd8 13. d5 Bg4 14. Re3 Bc5
15. Rae1 Bxe3 16. Qxe3 Bxf3 17. Qxf3 Qxf3 18. gxf3 Rd6 19. b3 cxb3 20. axb3 b5
21. Ne2 cxd5 22. exd5 Rxd5 23. c3 Rd3 24. Kg2 a5 25. f4 exf4 26. Nxf4 Rxc3 27.
Re3 Rxe3 28. fxe3 a4 29. bxa4 bxa4 30. Ne2 a3 31. Nc3 Rc8 32. Na2 Rc2+ 0-1

[Event "Challenge"]
[Site "http://www.queenalice.com/game.php?id=593884"]
[Date "2009.5.26"]
[Round "-"]
[White "Bergman"]
[Black "Luckus1970"]
[Result "1-0"]
[WhiteElo "2700"]
[BlackElo "2258"]

1. d4 d5 2. c4 e6 3. Nc3 Nf6 4. Nf3 Bb4 5. e3 O-O 6. Bd2 c5 7. a3 Bxc3 8. Bxc3
cxd4 9. Nxd4 Re8 10. Nf3 Nc6 11. Qc2 e5 12. O-O-O e4 13. Ng5 Bf5 14. cxd5 Ne5
15. d6 Nd3+ 16. Rxd3 exd3 17. Bxd3 Bxd3 18. Qxd3 Rc8 19. Kb1 Rxc3 20. Qxc3 Qxd6
21. Qc2 Qe5 22. Nf3 Qe4 23. h3 Rc8 24. Qxe4 Nxe4 25. Rd1 Nxf2 26. Rd7 Rb8 27.
Ng5 f6 28. Ne6 g6 29. Rg7+ Kh8 30. Re7 Ne4 31. Nf4 f5 32. g4 a6 33. gxf5 gxf5
34. Ne6 Nd2+ 35. Kc2 Nc4 36. Nd4 Rf8 37. Kc3 Nd6 38. Ne6 Rc8+ 39. Kd4 b6 40. Ng5
Nc4 41. Nxh7 Na5 42. Kd5 Rd8+ 43. Ke6 Nc6 44. Rc7 Re8+ 45. Kd7 Rxe3 46. Kxc6 1-0

[Event "Challenge"]
[Site "http://www.queenalice.com/game.php?id=593885"]
[Date "2009.5.26"]
[Round "-"]
[White "Luckus1970"]
[Black "Bergman"]
[Result "0-1"]
[WhiteElo "2258"]
[BlackElo "2701"]

1. d4 b5 2. e4 Bb7 3. Bxb5 Bxe4 4. Nf3 Nf6 5. O-O e6 6. Bg5 a6 7. Bd3 Bxd3 8.
Qxd3 Be7 9. c4 h6 10. Bxf6 Bxf6 11. Nc3 O-O 12. Rac1 Nc6 13. Ne4 Rb8 14. b3 Be7
15. d5 Nb4 16. Qe2 exd5 17. cxd5 Nxd5 18. Qxa6 c6 19. Nc3 Ra8 20. Qe2 Nf6 21.
Rc2 Re8 22. Qc4 Qa5 23. Ne4 Nd5 24. Ne5 Qd8 25. Nd3 Bf8 26. Re1 Nc7 27. Ng3
Rxe1+ 28. Nxe1 c5 29. Nf3 d5 30. Qc3 Ne6 31. Rd2 d4 32. Qc2 Bd6 33. Rd1 Bf4 34.
Ne2 Qd5 35. Nc1 Bxc1 0-1

[Event "QA-ANNIV-05"]
[Site "http://www.queenalice.com/game.php?id=604256"]
[Date "2009.6.15"]
[Round "1"]
[White "lobo"]
[Black "Luckus1970"]
[Result "0-1"]
[WhiteElo "1812"]
[BlackElo "2258"]

1. e4 e5 2. Nf3 Nc6 3. Bc4 Nf6 4. d3 Na5 5. Bb3 Nxb3 6. axb3 d5 7. Nxe5 Bd6 8.
Bf4 O-O 9. Qf3 dxe4 10. dxe4 Re8 11. O-O Bxe5 12. Bg5 Qd6 13. g3 Bxb2 14. Ra4
Bd7 15. Rc4 Bb5 16. Rd1 Qa6 17. Bxf6 Bxf6 18. Rd5 Bxc4 19. bxc4 Qxc4 20. Nd2
Qxc2 21. Kg2 c6 22. Rd3 Red8 23. Rxd8+ Rxd8 24. Nf1 Re8 0-1

[Event "AUTO-OPEN-1453"]
[Site "http://www.queenalice.com/game.php?id=637513"]
[Date "2009.8.16"]
[Round "2"]
[White "Luckus1970"]
[Black "Matrick"]
[Result "0-1"]
[WhiteElo "2275"]
[BlackElo "2383"]

1. c4 e5 2. Nc3 Nf6 3. Nf3 Nc6 4. d4 exd4 5. Nxd4 Bb4 6. Nxc6 Bxc3+ 7. bxc3 bxc6
8. Qd4 O-O 9. Bg5 d5 10. Rd1 Be6 11. e3 dxc4 12. Qc5 Bd5 13. Bxc4 Qd6 14. Qxd6
cxd6 15. Be2 Ne4 16. c4 Be6 17. Bf4 Nc3 18. Rc1 Nxa2 19. Rc2 Nb4 20. Rb2 a5 21.
Bxd6 Rfd8 22. c5 Nd5 23. Kd2 Nf6 24. Bd3 Ne8 25. Be5 a4 26. Ra1 a3 27. Rb6 a2
28. Rxc6 Bd5 29. Rb6 Bxg2 30. Ke2 Bf3+ 31. Kxf3 Rxd3 32. c6 Rdd8 33. Rb2 Rdc8
34. h4 Rxc6 35. Raxa2 Rxa2 36. Rxa2 f6 0-1

[Event "AUTO-OPEN-1453"]
[Site "http://www.queenalice.com/game.php?id=637514"]
[Date "2009.8.16"]
[Round "2"]
[White "Matrick"]
[Black "Luckus1970"]
[Result "0-1"]
[WhiteElo "2359"]
[BlackElo "2269"]

1. e4 c5 2. Nf3 Nc6 3. d4 cxd4 4. Nxd4 Nf6 5. Nc3 e6 6. Ndb5 d6 7. Bf4 e5 8. Bg5
a6 9. Na3 Be7 10. Nc4 O-O 11. Bxf6 Bxf6 12. Qxd6 Be6 13. Nd5 Bxd5 14. exd5 Nd4
15. O-O-O Qc8 16. c3 b5 17. Nb6 Qf5 18. Bd3 e4 19. Nxa8 exd3 20. cxd4 d2+ 21.
Kxd2 Bg5+ 22. Kc3 Rxa8 23. b3 Rc8+ 24. Kb4 Qxf2 25. Ka3 a5 26. Qg3 Be7+ 27. d6
b4+ 0-1

[Event "AUTO-OPEN-1453"]
[Site "http://www.queenalice.com/game.php?id=637515"]
[Date "2009.8.16"]
[Round "2"]
[White "Luckus1970"]
[Black "enzoiazo"]
[Result "1-0"]
[WhiteElo "2258"]
[BlackElo "1989"]

1. e4 Nf6 2. e5 Nd5 3. Nc3 Nxc3 4. dxc3 d5 5. Nf3 c5 6. Be3 b6 7. Bb5+ Nd7 8. e6
fxe6 9. Ng5 Qc7 10. Qh5+ g6 11. Qf3 1-0

[Event "AUTO-OPEN-1453"]
[Site "http://www.queenalice.com/game.php?id=637516"]
[Date "2009.8.16"]
[Round "2"]
[White "enzoiazo"]
[Black "Luckus1970"]
[Result "1-0"]
[WhiteElo "2176"]
[BlackElo "2290"]

1. d4 d5 2. Nf3 e6 3. e3 Nf6 4. Bd3 c5 5. O-O Nc6 6. b3 Bd6 7. Bb2 cxd4 8. exd4
O-O 9. a3 Nh5 10. g3 Nf6 11. Ne5 Qb6 12. Re1 Rd8 13. Nd2 Nxd4 14. Ndf3 Nc6 15.
Nxc6 bxc6 16. Bxf6 gxf6 17. Nh4 Bf8 18. Qh5 h6 19. Rad1 Rb8 20. g4 c5 21. Re3 c4
22. Be2 Bg7 23. b4 a5 24. c3 axb4 25. axb4 d4 26. cxd4 Qxb4 27. d5 c3 28. Kg2
1-0

[Event "AUTO-OPEN-1455"]
[Site "http://www.queenalice.com/game.php?id=641053"]
[Date "2009.8.23"]
[Round "2"]
[White "Luckus1970"]
[Black "Be0wulf"]
[Result "1-0"]
[WhiteElo "2289"]
[BlackElo "1737"]

1. d4 d5 2. c4 e6 3. Nf3 Nf6 4. Nc3 c6 5. e3 Bd6 6. Bd3 dxc4 7. Bxc4 O-O 8. e4
Bb4 9. e5 Ne4 10. Qc2 Nxc3 11. bxc3 Be7 12. Bd3 g6 13. h4 1-0

[Event "AUTO-OPEN-1455"]
[Site "http://www.queenalice.com/game.php?id=641054"]
[Date "2009.8.23"]
[Round "2"]
[White "Be0wulf"]
[Black "Luckus1970"]
[Result "0-1"]
[WhiteElo "1737"]
[BlackElo "2289"]

1. Nf3 Nf6 2. d4 d5 3. c4 dxc4 4. Nc3 c6 5. e3 b5 6. Ne5 Nfd7 7. Nxf7 Kxf7 8. a4
Nb6 9. axb5 Bb7 10. b3 cxb5 11. Qh5+ g6 12. Qxb5 cxb3 13. Bb2 e6 0-1

[Event "QA-ANNIV-05"]
[Site "http://www.queenalice.com/game.php?id=654461"]
[Date "2009.9.18"]
[Round "2"]
[White "Luckus1970"]
[Black "Martin_Stahl"]
[Result "1-0"]
[WhiteElo "2264"]
[BlackElo "1979"]

1. d4 d5 2. c4 e6 3. Nf3 Nf6 4. Nc3 Be7 5. Bg5 O-O 6. e3 Ne4 7. Bxe7 Nxc3 8.
Bxd8 Nxd1 9. Bxc7 Nxb2 10. c5 Nc6 11. Kd2 b6 12. Rb1 Nc4+ 13. Bxc4 dxc4 14. Kc3
bxc5 15. dxc5 Re8 16. Nd2 Ne7 17. e4 f5 18. f3 fxe4 19. fxe4 Nd5+ 20. exd5 exd5
21. Rhe1 Bf5 22. Rbc1 Rac8 23. Bd6 Bd7 24. Kd4 Bc6 25. Nf3 Ba8 26. Rxe8+ Rxe8
27. Ne5 1-0

[Event "AUTO-OPEN-1455"]
[Site "http://www.queenalice.com/game.php?id=693908"]
[Date "2009.12.6"]
[Round "3"]
[White "jotat"]
[Black "Luckus1970"]
[Result "1-0"]
[WhiteElo "2299"]
[BlackElo "2170"]

1. e4 e5 2. Nf3 Nf6 3. Nxe5 Qe7 4. Nf3 Qxe4+ 5. Be2 Bb4 6. O-O O-O 7. a3 Ba5 8.
b4 Bb6 9. Nc3 Qg4 10. Na4 Re8 11. Bb2 Qf4 12. c4 c6 13. Nxb6 axb6 14. g3 Qh6 15.
Bd4 d5 16. Bxb6 1-0

[Event "AUTO-OPEN-1455"]
[Site "http://www.queenalice.com/game.php?id=693909"]
[Date "2009.12.6"]
[Round "3"]
[White "Luckus1970"]
[Black "jotat"]
[Result "0-1"]
[WhiteElo "2179"]
[BlackElo "2290"]

1. e4 e6 2. d4 d5 3. Nd2 Nc6 4. Ngf3 Nf6 5. e5 Nd7 6. c3 f6 7. Bb5 fxe5 8. dxe5
Be7 9. Nd4 Nxd4 10. cxd4 c6 11. Bd3 c5 12. Qh5+ Kf8 13. O-O cxd4 14. Nb3 Qe8 15.
Qe2 Nc5 16. Nxc5 Bxc5 0-1